| Поле | Название | Значение |
| |
Тип записи |
a |
| |
Библиографический уровень |
m |
| 001 |
Контрольный номер |
RU/CBS_UL/BASE/ba4457ac19d246bf855db0c9f7816365 |
| 005 |
Дата корректировки |
20260126140426.9 |
| 010 |
Индекс ISBN |
__ |
| a |
ISBN |
|
| d |
Цена |
51 р. 00 к. |
| 9 |
Тираж |
экз. |
| 100 |
Данные общей обработки |
__ |
| a |
Данные общей обработки |
20141105d2014 ||| 0rusy0189 ca |
| 101 |
Язык документа |
0_ |
| a |
Язык текста |
rus |
| 102 |
Страна публикации |
__ |
| a |
Страна публикации |
RU |
| 105 |
Кодированные данные (монография) |
__ |
| a |
Кодированные данные (монография) |
y###||||000|y |
| 200 |
Заглавие и сведения об ответственности |
1_ |
| a |
Заглавие |
Витязь в тигровой шкуре |
| f |
Первые сведения об ответственности |
Ш. Руставели |
| e |
Сведения, относящиеся к заглавию |
пер. с груз. |
| 210 |
Выходные данные |
1_ |
| a |
Место издания |
Санкт-Петербург |
| c |
Издательство |
Азбука-классика |
| d |
Дата издания |
2002 |
| 215 |
Физическое описание |
__ |
| a |
Объем |
320 с. |
| d |
Формат |
см. |
| 300 |
Общие примечания |
__ |
| a |
Общие примечания |
12+ |
| 606 |
Тематические рубрики |
0_ |
| a |
Основная рубрика |
Грузинская литература, 12-13 вв. - Поэзия |
| 610 |
Ключевые слова |
0_ |
| a |
Ключевые слова |
поэмы |
| a |
Ключевые слова |
классика |
| a |
Ключевые слова |
литература грузинская |
| a |
Ключевые слова |
любовь |
| a |
Ключевые слова |
народ |
| a |
Ключевые слова |
добро |
| a |
Ключевые слова |
свобода |
| a |
Ключевые слова |
патриотизм |
| 686 |
Индексы других классификаций |
__ |
| a |
Классификационный индекс |
84(5Гру) |
| 2 |
Код системы |
ББК |
| 700 |
Автор |
_1 |
| a |
Фамилия |
Руставели |
| b |
Имя (инициалы) |
Ш. |
| g |
Полное личное имя |
Шота |
| 801 |
Источник записи |
_0 |
| a |
Страна |
RU |
| b |
Организация |
МБУК ЦБС г. Ульяновска |
| c |
Дата составления |
20141105 |
| g |
Правила каталогизации |
RCR |
| 801 |
Источник записи |
_1 |
| a |
Страна |
RU |
| b |
Организация |
МБУК ЦБС г. Ульяновска |
| c |
Дата составления |
20141105 |
| g |
Правила каталогизации |
RCR |
| 899 |
Данные о местонахождении |
__ |
| i |
Авторский знак |
Р 89 |
| j |
Расстановочный фильтр |
И(Груз) |
| 901 |
Тип документа |
__ |
| t |
Тип документа |
m |